000 00663cam a22002053a 4500
001 45124
003 PGUSA
005 20140828084031.0
008 140313s2014||||xxu|||||s|||||000 | eng d
040 _aPGUSA
_beng
042 _adc
100 1 _aBakewell, Frederick C.
245 1 0 _aGreat Facts :
_bA Popular History and Description of the Most Remarkable Inventions During the Present Century
_h[electronic resource] /
_cFrederick C. Bakewell
260 _bProject Gutenberg,
_c2014
506 _aPublic domain in the USA.
516 _aElectronic text
830 0 _aProject Gutenberg
_v45124
856 4 0 _uhttp://www.gutenberg.org/ebooks/45124
942 _cEB
999 _c274375
_d274375